| 000 | 00625nam a2200181 i 4500 | ||
|---|---|---|---|
| 001 | 162642 | ||
| 003 | ES-MaACL | ||
| 005 | 20230906212554.0 | ||
| 008 | 010727s1852 fr |||| | fre d | ||
| 040 |
_aCCPB | B _bspa _cCCPB | B |
||
| 100 | 0 |
_aProudhon, Pierre-Joseph. _994052 |
|
| 245 | 1 | 3 |
_aLa révolution sociale démontrée par le coup d'état du 2 Décembre / _cpar P.J. Proudhon. |
| 250 | _a6ème éd. | ||
| 260 |
_aParis : _bGarnier freres, libraires, _c1852 ( _fTyp. de Mme Ve Dondey-Dupré) |
||
| 300 |
_aXII, 281 p. ; _c18 cm. |
||
| 650 | 4 |
_aPolítica social. _916308 |
|
| 852 |
_aES-MaACL _jG-8545 _z-- Enc. hol. |
||
| 999 |
_c162642 _d162642 |
||